000 00426nam a22001697a 4500
005 20160616113830.0
008 160616b xxu||||| |||| 00| 0 eng d
020 _a81-259-1059-1
041 _aeng
082 _b7947
100 _aThingalaya, Dr N.K.
_92081
245 _aA to Z in Bank Management
260 _aNew Delhi
_bVikas Publishing House (P) Ltd.
_c2001
300 _a77
650 _aManagement
_9241
942 _cBK
999 _c2916
_d2915